[Event "TUR Cup"]
[Site "Antalya"]
[Date "2020.01.30"]
[Round "7"]
[White "Ipek, Suat Sukru"]
[Black "Sepici, Batuhan"]
[Result "1-0"]
[WhiteElo "1561"]
[BlackElo "1539"]
[PlyCount "29"]
[EventDate "2020.01.26"]
[EventType "swiss"]
[EventRounds "11"]
[EventCountry "TUR"]
[SourceTitle "CBM 194 Extra"]
[Source "ChessBase"]
[SourceDate "2020.03.31"]
[SourceVersion "1"]
[SourceVersionDate "2020.03.31"]
[SourceQuality "1"]

1. e4 d6 2. Nf3 g6 3. Bc4 e6 4. Nc3 Bg7 5. d4 a6 6. a4 b6 7. Bg5 Ne7 8. Qd2 Nd7 9. Bh6 0-0 10. h4 Nf6 11. h5 e5 12. hxg6 Nxg6 13. Bxg7 Kxg7 14. Qh6+ Kg8 15. Ng5 1-0